| 000 | 00783 a2200217 4500 | ||
|---|---|---|---|
| 001 | 58992 | ||
| 005 | 20260407155844.0 | ||
| 008 | 260407a1993 arg spa d | ||
| 003 | AR-UNSa-BCEJYS | ||
| 040 |
_aAR-UNSa-BCEJYS _bspa _cAR-UNSa-BCEJYS |
||
| 080 |
_a339.73 _xOrganizaciones para los pagos y compensaciones internacionales |
||
| 245 | 1 | 0 | _aEstructura y funciones actuales de los organismos internacionales financieros y económicos |
| 020 | _a950-9314-82-X | ||
| 264 | 1 |
_aBuenos Aires : _bCatálogos Editora _c1993 |
|
| 300 |
_a398 p. _c20 cm. |
||
| 505 | _a1. El financiamiento internacional - 2. El comercio internacional - 3. Actividades productivas. | ||
| 041 | _aspa | ||
| 942 | _cBK | ||
| 590 | _aniveau_biblio:m niveau_hierar:0 | ||
| 100 | 1 | _aCalcagno, Alfredo Eric | |
| 999 |
_c6545 _d6545 |
||